|
|
|
|
| LEADER |
01205nam a2200301 u 4500 |
| 001 |
10031222 |
| 003 |
upatras |
| 005 |
20210117210104.0 |
| 008 |
991202s1992 us eng |
| 020 |
|
|
|a 156576000X
|
| 040 |
|
|
|a GR-PaULI
|c GR-PaULI
|
| 041 |
0 |
|
|a eng
|
| 082 |
0 |
4 |
|a 553.2
|
| 100 |
1 |
|
|a Pratt, Lisa M.
|9 154475
|
| 245 |
1 |
0 |
|a Geochemistry of organic matter in sediments and sedimentary rocks
|c Lisa M. Pratt, John B. Comer and Simon C. Brassell; with editorial assistance by Ruth Droppo
|
| 260 |
|
|
|a Tulsa
|b Society for Sedimentary Geology
|c 1992
|
| 300 |
|
|
|a 100 p.
|b fig., tab.
|c 28 cm.
|
| 500 |
|
|
|a Text for short course No.27
|
| 504 |
|
|
|a Includes references
|
| 650 |
|
4 |
|a Οργανική γεωχημεία
|9 2489
|
| 650 |
|
4 |
|a Ιζηματολογία
|9 1394
|
| 700 |
1 |
|
|a Droppo, Ruth
|4 edt
|9 154476
|
| 700 |
1 |
|
|a Brassell, Simon C.
|9 154477
|
| 852 |
|
|
|a GR-PaULI
|b ΠΑΤΡΑ
|b ΒΚΠ
|b ΒΣ1
|k ΑΣΧΞ
|h 553.2 P
|m 051508
|p 025000068470
|t 1
|
| 942 |
|
|
|2 ddc
|c BK15
|
| 952 |
|
|
|0 0
|1 0
|4 0
|6 553_200000000000000_P
|7 0
|9 200979
|a LISP
|b LISP
|c BSC
|d 2016-04-24
|i 051508
|l 0
|o 553.2 P
|p 025000068470
|r 2016-04-24 00:00:00
|t 1
|w 2016-04-24
|y BK15
|
| 998 |
|
|
|c ΔΡΑΚΟΠΟΥΛΟΥ
|d 1999-12
|
| 999 |
|
|
|c 123107
|d 123107
|